[Event "Rostock op"]
[Site "Rostock"]
[Date "2009.08.29"]
[Round "5"]
[White "Porsch, Harald"]
[Black "Erich, Juergen"]
[Result "1/2-1/2"]
[WhiteElo "2196"]
[BlackElo "1873"]
[PlyCount "120"]
[EventDate "2009.08.27"]
[EventType "swiss"]
[EventRounds "7"]
[EventCountry "GER"]
[SourceTitle "CBM 132 Extra"]
[Source "ChessBase"]
[SourceDate "2009.11.03"]
[SourceVersion "1"]
[SourceVersionDate "2009.11.03"]
[SourceQuality "1"]

1. d4 Nf6 2. c4 e6 3. Nc3 d5 4. Bg5 Nbd7 5. e3 Bb4 6. a3 Bxc3+ 7. bxc3 c5 8. cxd5 exd5 9. Bd3 0-0 10. Ne2 Re8 11. 0-0 c4 12. Bc2 Nf8 13. f3 Ng6 14. e4 h6 15. Bxf6 Qxf6 16. Qd2 Qg5 17. f4 Qh5 18. Ng3 Qh4 19. e5 Bd7 20. Rae1 Nf8 21. f5 b5 22. Rf4 Qg5 23. Ref1 a5 24. Ne2 h5 25. Bb1 Rab8 26. Qe1 b4 27. cxb4 axb4 28. axb4 Rb6 29. h4 Qh6 30. Nc3 Rxb4 31. Nxd5 Rb2 32. Be4 Bc6 33. Qc3 Rbb8 34. R4f3 Bxd5 35. Bxd5 Rec8 36. Bxc4 Kh8 37. Qd3 Rc7 38. Qe2 Rbc8 39. Bxf7 Rxf7 40. e6 Re8 41. d5 Qf6 42. Qd1 Ra7 43. d6 Rea8 44. e7 Nd7 45. Re3 Qf7 46. Rfe1 Nf6 47. Qd4 Kh7 48. Rd3 Rd7 49. Re6 Ra5 50. Rde3 Rxf5 51. e8Q Nxe8 52. Rxe8 Rf1+ 53. Kh2 Qf4+ 54. Qxf4 Rxf4 55. R8e5 Rxd6 56. Rxh5+ Rh6 57. Rxh6+ Kxh6 58. Kh3 Ra4 59. Re8 Ra3+ 60. g3 Ra5 1/2-1/2

[Event "Rostock op"]
[Site "Rostock"]
[Date "2009.08.28"]
[Round "4"]
[White "Wolke, Heiko"]
[Black "Porsch, Harald"]
[Result "1-0"]
[WhiteElo "2012"]
[BlackElo "2196"]
[PlyCount "57"]
[EventDate "2009.08.27"]
[EventType "swiss"]
[EventRounds "7"]
[EventCountry "GER"]
[SourceTitle "CBM 132 Extra"]
[Source "ChessBase"]
[SourceDate "2009.11.03"]
[SourceVersion "1"]
[SourceVersionDate "2009.11.03"]
[SourceQuality "1"]

1. e4 g6 2. d4 Bg7 3. Nf3 d6 4. Be2 Nf6 5. Nc3 c6 6. Bg5 Qc7 7. Qd2 h6 8. Bf4 Nh5 9. Be3 a6 10. e5 g5 11. h3 Bf8 12. 0-0-0 d5 13. g4 Ng7 14. h4 Bxg4 15. hxg5 h5 16. Rdg1 Nd7 17. Rxg4 hxg4 18. Rxh8 gxf3 19. Bxf3 0-0-0 20. Bg4 e6 21. Qd3 c5 22. f4 cxd4 23. Bxd4 Qc4 24. Qxc4+ dxc4 25. Ne4 b5 26. c3 Nf5 27. Bxf5 exf5 28. Ng3 b4 29. cxb4 1-0

[Event "Rostock op"]
[Site "Rostock"]
[Date "2008.08.31"]
[Round "7"]
[White "Porsch, Harald"]
[Black "Hamann, Dirk"]
[Result "1-0"]
[WhiteElo "2195"]
[BlackElo "2088"]
[PlyCount "95"]
[EventDate "2008.08.28"]
[EventType "swiss"]
[EventRounds "7"]
[EventCountry "GER"]
[SourceTitle "CBM 126 Extra"]
[Source "ChessBase"]
[SourceDate "2008.11.05"]
[SourceVersion "1"]
[SourceVersionDate "2008.11.05"]
[SourceQuality "1"]

1. d4 Nf6 2. Nf3 g6 3. Bf4 Bg7 4. e3 0-0 5. Be2 c5 6. c3 Qb6 7. Qb3 Qxb3 8. axb3 cxd4 9. exd4 d6 10. 0-0 Nc6 11. Re1 Bf5 12. Bb5 a6 13. Bf1 Rfe8 14. Nbd2 h6 15. h3 Nd5 16. Bg3 Rad8 17. Nc4 g5 18. b4 Bg6 19. Ne3 Nxe3 20. fxe3 Ra8 21. Ra3 e5 22. Rea1 Rad8 23. b5 axb5 24. Bxb5 Re7 25. Ra8 Kh7 26. d5 Nb8 27. Nd2 Rc7 28. e4 Rdc8 29. Nc4 Bf8 30. Nb6 Rd8 31. Bd3 Be7 32. Bf2 Nd7 33. Rxd8 Bxd8 34. Ra8 Bf6 35. Bb5 Nc5 36. Bxc5 Rxc5 37. Bd3 Rc7 38. c4 h5 39. b4 h4 40. Nc8 Rd7 41. Rb8 Kg7 42. Nxd6 Rxd6 43. Rxb7 Ra6 44. c5 Ra3 45. c6 Rxd3 46. c7 Rc3 47. d6 g4 48. d7 1-0

[Event "Rostock  PSV op 05th"]
[Site "Rostock"]
[Date "2005.08.28"]
[Round "7"]
[White "Porsch, Harald"]
[Black "Kliewe, Hans Juergen"]
[Result "1/2-1/2"]
[WhiteElo "2258"]
[BlackElo "2166"]
[PlyCount "47"]
[EventDate "2005.08.25"]
[EventType "swiss"]
[EventRounds "7"]
[EventCountry "GER"]
[SourceTitle "EXT 2007"]
[Source "ChessBase"]
[SourceDate "2006.11.23"]
[SourceVersion "1"]
[SourceVersionDate "2006.11.23"]
[SourceQuality "1"]

1. e4 e6 2. d4 d5 3. Nc3 Bb4 4. e5 c5 5. Bd2 Ne7 6. a3 Bxc3 7. Bxc3 cxd4 8. Bxd4 Nbc6 9. Nf3 Nxd4 10. Qxd4 Qc7 11. Bd3 Bd7 12. Qg4 Ng6 13. Qg3 Qc5 14. h4 Bb5 15. Bxb5+ Qxb5 16. 0-0-0 Qc4 17. Nd4 Qa2 18. c3 Rc8 19. f4 Ne7 20. Rhf1 g6 21. Qd3 Qc4 22. g4 Qxd3 23. Rxd3 Nc6 24. Nxc6 1/2-1/2

[Event "Rostock  PSV op 05th"]
[Site "Rostock"]
[Date "2005.08.26"]
[Round "4"]
[White "Ruesch, Hans Joachim"]
[Black "Porsch, Harald"]
[Result "1/2-1/2"]
[WhiteElo "2055"]
[BlackElo "2258"]
[PlyCount "80"]
[EventDate "2005.08.25"]
[EventType "swiss"]
[EventRounds "7"]
[EventCountry "GER"]
[SourceTitle "EXT 2007"]
[Source "ChessBase"]
[SourceDate "2006.11.23"]
[SourceVersion "1"]
[SourceVersionDate "2006.11.23"]
[SourceQuality "1"]

1. d4 Nf6 2. Nf3 g6 3. c4 Bg7 4. Nc3 d6 5. e4 0-0 6. Be2 Nc6 7. d5 Nb8 8. 0-0 c5 9. Bf4 h6 10. Nd2 e5 11. Be3 g5 12. g4 Re8 13. Re1 Nbd7 14. Nf1 Nf8 15. Ng3 Ng6 16. h3 Nf4 17. Bf1 Kh7 18. Rb1 Rg8 19. b4 b6 20. bxc5 bxc5 21. f3 Bf8 22. Qc2 Rg6 23. Rb2 h5 24. Nf5 Bxf5 25. exf5 Rh6 26. Bxf4 exf4 27. Ne4 Nxe4 28. Qxe4 hxg4 29. fxg4 Kg8 30. Rb7 Qa5 31. Re2 Bg7 32. Qc2 Bd4+ 33. Kg2 Be5 34. Qb3 Kg7 35. Rxf7+ Kxf7 36. Qb7+ Kg8 37. Qxa8+ Kf7 38. Qb7+ Kf8 39. Qb8+ Kf7 40. Qb7+ Kf8 1/2-1/2

[Event "Rostock  PSV op 04th"]
[Site "Rostock"]
[Date "2004.08.29"]
[Round "7"]
[White "Reschke, Heiko"]
[Black "Porsch, Harald"]
[Result "0-1"]
[WhiteElo "2085"]
[BlackElo "2238"]
[PlyCount "76"]
[EventDate "2004.08.26"]
[EventType "swiss"]
[EventRounds "7"]
[EventCountry "GER"]
[SourceTitle "EXT 2007"]
[Source "ChessBase"]
[SourceDate "2006.11.23"]
[SourceVersion "1"]
[SourceVersionDate "2006.11.23"]
[SourceQuality "1"]

1. c4 Nf6 2. Nc3 d6 3. g3 g6 4. Bg2 Bg7 5. e4 c5 6. Nge2 Nc6 7. d3 0-0 8. 0-0 Bd7 9. h3 a6 10. f4 Rb8 11. g4 h6 12. Ng3 b5 13. Kh1 e6 14. cxb5 axb5 15. Be3 Qe7 16. Qd2 Nxg4 17. hxg4 Qh4+ 18. Kg1 Qxg3 19. g5 Qxe3+ 20. Qxe3 Bd4 21. Qxd4 Nxd4 22. e5 d5 23. gxh6 b4 24. Nd1 Bb5 25. Ne3 Bxd3 26. Rf2 Be2 27. Bh3 c4 28. Bg4 Bd3 29. Bd1 Rfc8 30. Rd2 Ra8 31. Kf2 Ra7 32. b3 Nxb3 33. Bxb3 cxb3 34. Rxd3 Rxa2+ 35. Rxa2 bxa2 36. Rd1 b3 37. h7+ Kh8 38. Ng4 b2 0-1

[Event "Rostock  PSV op 03rd"]
[Site "Rostock"]
[Date "2003.08.30"]
[Round "5"]
[White "Schinke, Andreas"]
[Black "Porsch, Harald"]
[Result "1/2-1/2"]
[WhiteElo "2072"]
[BlackElo "2248"]
[PlyCount "140"]
[EventDate "2003.08.28"]
[EventType "swiss"]
[EventRounds "7"]
[EventCountry "GER"]
[SourceTitle "EXT 2009"]
[Source "ChessBase"]
[SourceDate "2008.11.26"]
[SourceVersion "1"]
[SourceVersionDate "2008.11.26"]
[SourceQuality "1"]

1. e4 c5 2. Nf3 Nc6 3. c3 Nf6 4. e5 Nd5 5. d4 cxd4 6. cxd4 d6 7. Bc4 e6 8. 0-0 dxe5 9. dxe5 Be7 10. Qe2 Nb6 11. Bd3 Bd7 12. Rd1 Nb4 13. Be4 N4d5 14. a3 Qc7 15. b4 Ba4 16. Re1 Rc8 17. Bd2 0-0 18. g3 Qd7 19. Rc1 Rxc1+ 20. Bxc1 Rc8 21. Bb2 f5 22. exf6 Bxf6 23. Bxf6 Rc1+ 24. Kg2 Nxf6 25. Bd3 Qd5 26. Qe3 Bd1 27. Be2 Bxe2 28. Qxe2 Ne4 29. Nbd2 Rxa1 30. Nxe4 Qd1 31. Qxd1 Rxd1 32. Nc5 Ra1 33. Nxb7 Rxa3 34. Nd4 e5 35. Nc6 Nc4 36. b5 a6 37. bxa6 Rxa6 38. Ne7+ Kf8 39. Nf5 Rf6 40. g4 Rc6 41. Kf3 Nd2+ 42. Ke2 Ne4 43. Ke3 Nf6 44. g5 Rc3+ 45. Ke2 Ne4 46. h4 Rb3 47. Nd8 g6 48. Ne3 Rb2+ 49. Kf3 Nxf2 50. Ne6+ Kf7 51. Nc7 e4+ 52. Kf4 Ra2 53. Ncd5 Ra1 54. Ng2 Rg1 55. Kg3 Nd1 56. Kh2 Rf1 57. Ngf4 e3 58. Kg3 Re1 59. Kf3 Rh1 60. Kg3 Nf2 61. Nxe3 Ne4+ 62. Kg4 Nd6 63. Nfg2 Rh2 64. Kg3 Rh1 65. Kg4 Nf5 66. Nxf5 gxf5+ 67. Kxf5 Rh2 68. Nf4 Rxh4 69. Ng2 Rh1 70. Nf4 Rg1 1/2-1/2

[Event "Berlin tt 0001"]
[Site "Berlin"]
[Date "2001.03.18"]
[Round "7.3"]
[White "Porsch, Harald"]
[Black "Gerschau, Claudio"]
[Result "0-1"]
[WhiteElo "2163"]
[BlackElo "2147"]
[PlyCount "54"]
[EventDate "2000.10.22"]
[EventType "team"]
[EventRounds "11"]
[EventCountry "GER"]
[SourceTitle "EXT 2007"]
[Source "ChessBase"]
[SourceDate "2006.11.23"]
[SourceVersion "1"]
[SourceVersionDate "2006.11.23"]
[SourceQuality "1"]

1. e4 Nf6 2. e5 Nd5 3. d4 d6 4. Nf3 Bg4 5. Be2 c6 6. exd6 exd6 7. 0-0 Be7 8. c4 Nb6 9. Qc2 N8d7 10. Nbd2 Nf6 11. b3 0-0 12. Bb2 Re8 13. Rfe1 Nbd7 14. Bf1 Nf8 15. g3 Qd7 16. Bg2 Bf5 17. Qc3 Ng6 18. b4 Bf8 19. Qb3 Bh3 20. Bh1 Qf5 21. a4 Qh5 22. b5 Nf4 23. Re3 Ne2+ 24. Rxe2 Rxe2 25. Bg2 Bxg2 26. Kxg2 Ng4 27. Rf1 Rae8 0-1

[Event "Berlin tt 0001"]
[Site "Berlin"]
[Date "2001.02.25"]
[Round "6.3"]
[White "Rennoch, Ralf"]
[Black "Porsch, Harald"]
[Result "1/2-1/2"]
[WhiteElo "2125"]
[BlackElo "2163"]
[PlyCount "39"]
[EventDate "2000.10.22"]
[EventType "team"]
[EventRounds "11"]
[EventCountry "GER"]
[SourceTitle "EXT 2007"]
[Source "ChessBase"]
[SourceDate "2006.11.23"]
[SourceVersion "1"]
[SourceVersionDate "2006.11.23"]
[SourceQuality "1"]

1. e4 c5 2. Nf3 e6 3. c3 Nf6 4. Qc2 Nc6 5. a3 d6 6. d4 Be7 7. Bd3 h6 8. 0-0 e5 9. b4 exd4 10. cxd4 cxd4 11. Bb2 0-0 12. Nxd4 Ne5 13. Nc3 d5 14. exd5 Nxd3 15. Qxd3 Nxd5 16. Nf5 Bf6 17. Qxd5 Qxd5 18. Nxd5 Bxb2 19. Ra2 Bxf5 20. Rxb2 1/2-1/2